000
00284nam a22001337a 4500
008
170503b xxu||||| |||| 00| 0 eng d
020
_a
2286
041
_a
eng
080
_2
9TH
_a
343.9
100
_a
14
101
_a
SHJ
245
_a
CRIMINOLOGY
_c
SIEGEL, L.J
942
_2
udc
_c
BK
999
_c
12598
_d
12598